| 000 | 00643 a2200193 4500 | ||
|---|---|---|---|
| 020 | _a1402057954 | ||
| 020 | _a9781402057953 | ||
| 082 | _a530.12 | ||
| 090 |
_c1335 _d1335 |
||
| 100 | 1 | _aDong, Shi-Hai. | |
| 245 | 1 | 0 |
_aFactorization method in quantum mechanics / _cShi-Hai Dong. |
| 260 |
_a[S.l.] : _bSpringer, _c2007. |
||
| 300 |
_a325 p. ; _c24 cm. |
||
| 490 | 1 | _aFundamental theories of physics. | |
| 700 | _aDong, Shi-Hai. | ||
| 830 | _aFundamental theories of physics | ||
| 942 |
_aSNS _cBK _k530.12 DON |
||
| 999 |
_c29948 _d29948 |
||